00622nam a2200193 a 450000100100000000500170001000800410002704000250006808200160009310000170010924500680012625000110019426000410020530000280024649000280027450000350030250400740033770000170041100002269420200930021737.0101115s1924 sp a r 001 0 spa d aDO-SdBNPbspacBNPHU axxxxbC131h1 aCagny, Pablo10aHigiene y enfermedades del ganado /cPablo Cagny , Raoul Gouin. a2a ed. aBarcelona :bSalvat Editores,c1924. a574 p. :bil. ;c18 cm. aEnciclopedia agrícola aIncluye índice alfabético. aIncluye referencias bibliográficas y notas al pie de las páginas.1 aGouin, Raoul